000 00702nam a2200241Ia 4500
003 OSt
005 20220925220515.0
006 a|||||r|||| 00| 0
007 ta
008 220923b |||||||| |||| 00| 0 eng d
020 _a0333396804
_ceuro 3000
037 _b258, 23/10/1987, BS
_cGeneral Book
040 _aRTL
_cRTL
_beng
041 _2eng
_aeng
082 _aX:57, M7
100 _aAliber Robert Z
245 0 _aReconstruction of international monetary arrangements
260 _aLondon
_bMacmillan
_c1987
300 _avii,330p
_ccm.
650 _aForeign Exchange
942 _hX:57, M7
_cGB
_2CC
999 _c571681
_d571681